| 000 | 01287nam0a22002651 4500 | ||
|---|---|---|---|
| 001 | rc\4387443 | ||
| 005 | 20260407230411.0 | ||
| 021 |
_aRU _b[66-96603] |
||
| 035 | _a(NLR Aleph) 008551534 | ||
| 090 |
_a8409427 _c8409427 |
||
| 100 | _a20130416d1966 |||y0rusy50 ca | ||
| 101 | 0 | _arus | |
| 102 | _aRU | ||
| 105 | _ay c ||||| | ||
| 200 | 1 |
_aВременные указания по применению стекловолокнистых материалов в антикоррозийных и гидроизоляционных покрытиях оклеечного типа _eМСН 113-65/ММСС СССР _eУтв. 25/XII 1965 г. _fМ-во монтажных и спец. строит. работ СССР. Главтепломонтаж |
|
| 210 |
_aМосква _cЦБТИ _d1966 |
||
| 215 |
_a30 с. _d20 |
||
| 606 |
_aСтеклянное волокно _2psbo |
||
| 606 |
_aСтеклянная изоляция _2psbo |
||
| 712 | 0 | 1 |
_aСССР _bГлавное управление по проектированию и производству теплотехнических и изоляционных работ _3RU\NLR\AUTH\8810155484 _9806339 |
| 801 | 0 |
_aRU _bNLR _gpsbo |
|
| 801 | 1 |
_aRU _bELAR _2rusmarc |
|
| 852 |
_aNLR _jПт 80/256-113-65 |
||
| 942 | _cBOOK | ||
| 980 | _aNB | ||